000 00928nam a22002417a 4500
005 20170704124020.0
010 _a1516EN07 ENG-115849
020 _a9780670082162
_c799.00
035 _aB-600874-890
035 _aB-664591
035 _aEN-99381
037 _adpl
_bBSB/Ven
037 _bDBAD/PUB
082 _aN
100 _aGhosh, Amitav
245 _aFlood of fire/
_cby Amitav Ghosh
260 _aGurgaon
_bPortfolio/Penguin Group
_c2015
270 _a7th Floor, Infinity Tower C, DLF Cyber City
_bGurgaon
_e122002, Haryana, India
300 _a616p.
_c25cm(Hb)
942 _2ddc
_cEN
_hN
_mGHO
999 _c96139
_d96139